Earth & Space 2006 (Record no. 89711)
[ view plain ]
| 000 -LEADER | |
|---|---|
| fixed length control field | 02064nam a2200433Ia 4500 |
| 245 00 - TITLE STATEMENT | |
| Title | Earth & Space 2006 |
| 260 ## - PUBLICATION, DISTRIBUTION, ETC. (IMPRINT) | |
| Place of publication | [Alexandria, VA] : |
| Name of publisher | ASCE, |
| Year of publication | c2006. |
| 300 ## - PHYSICAL DESCRIPTION | |
| Number of Pages | 1 v. (various pagings) : |
| Other physical details | ill. |
| 650 #0 - SUBJECT ADDED ENTRY--TOPICAL TERM | |
| Topical Term | Space stations |
| Topical Term | Extraterrestrial bases |
| Topical Term | Large space structures (Astronautics) |
| Topical Term | Building |
| Topical Term | Extreme environments |
| Topical Term | Civil engineering |
| 700 1# - ADDED ENTRY--PERSONAL NAME | |
| Personal name | Malla, Ramesh B. |
| Personal name | Binienda, Wieslaw K. |
| Personal name | Maji, Arup. |
| 856 40 - ELECTRONIC LOCATION AND ACCESS | |
| Uniform Resource Identifier | http://site.ebrary.com/lib/rucke/Doc?id=10556333 |
No items available.
